Statistiken für Antworten mit gleichem Anfangs- und Endbuchstaben: J – K

Klicken Sie hier um das Quiz zu spielen!

Allgemein

  • Dieses Quiz wurde 122 mal gespielt
  • Das Durchschnittsergebnis liegt bei 15 aus 31

Antwortstatistiken

HinweisAntwort% Korrekt
Drücken der MaustasteKlick
93%
nicht gesundkrank
92%
Rinde eines bestimmten Baumes, aus der oft Verschlüsse für Weinflaschen hergestellt werdenKork
89%
KanutypKajak
85%
Vogelart mit markantem RufKuckuck
83%
kleine VerkaufsstelleKiosk
80%
mineralischer Werkstoff, aus dem unter anderem Geschirr, Vasen und andere Gefäße oder Kunstgegenstände hergestellt werdenKeramik
72%
Tritt; Nervenkitzel, ThrillKick
72%
Rohstoff für die Herstellung von Gummi (ebenfalls ein Baumprodukt)Kautschuk
68%
Calciumcarbonat oder Stadtbezirk von KölnKalk
67%
Möbelstück zur Aufbewahrung von Klamotten; ugs. auch: großer, breitschultriger, starker MannKleiderschrank
65%
kroatische InselKrk
65%
kess, frech, unbefangenkeck
63%
Bezeichnung für Maßnahmen zur Verschönerung und Pflege des menschlichen KörpersKosmetik
62%
Einrichtung zur Behandlung und Pflege kranker, verletzter oder schwangerer MenschenKlinik
60%
die Kunst der Beurteilung (umgangssprachlich oft: negative Beurteilung)Kritik
59%
Hier begegnen sich der Oberschenkelknochen, das Schienbein und die KniescheibeKniegelenk
57%
Situation, die Heiterkeit oder Gelächter hervorruftKomik
55%
Abkürzung für Einrichtungen der Monarchie Österreich-Ungarn (1867 – 1918)k. u. k. (kaiserlich und königlich)
40%
Region in Mittelamerika (7 Buchstaben)Karibik
39%
blutbildendes Organ, das oft an Leukämiepatienten gespendet wird (11 Buchstaben)Knochenmark
37%
Pioniere der elektronischen Popmusik, deutsche Band, die von manchen Musikliebhabern obengenannter Musik zugeordnet wirdKraftwerk
23%
Musik-Experte, der für seine Hörerschaft nur Platten von Miles Davis, Charlie Parker, John Coltrane, Louis Armstrong, Ella Fitzgerald & Co. auflegtJazz-DJ
19%
niederländisch: du (betont)jij
18%
slawische Variante des männlichen Vornamens GeorgJurij/Juraj
15%
Sammelbegriff für deutsche experimentelle Rockmusik der 1960er und 1970er JahreKrautrock
15%
Instrumentalmusik in kleiner Besetzung, ohne doppelt besetzte Stimmen und ohne DirigentKammermusik
13%
ukrainisch-russischer VolkstanzKasatschok
12%
Handlung, für deren Durchführung man besondere Geschicklichkeit benötigtKunststück
9%
Phänomen, bei dem sich die alte Weisheit "Andere Länder, andere Sitten" auf (seelisch und manchmal auch körperlich) schmerzhafte Weise bewahrheitet (12 Buchstaben)Kulturschock
7%
Filmarchiv oder FilmmuseumKinemathek
2%

Verteilung der Resultate

Perzentil nach korrekt beantworteten Fragen

Anzahl Personen mit jedem Resultat

Ihre Resultats-Entwicklung

Sie haben dieses Quiz noch nicht gespielt